| 000 | 00352nam a22001577a 4500 | ||
|---|---|---|---|
| 020 | _a978-81-312-2812-8 | ||
| 082 | _a615,P14S | ||
| 100 | _aSHANBAG,TARA V | ||
| 245 | _aPHARMACOLOGY | ||
| 250 | _a2ND | ||
| 260 |
_aDELHI _bELSEVIER _c2014 |
||
| 300 | _a522 | ||
| 650 | _aPHARMACOLOGY | ||
| 653 | _aPREP MANUAL OF PHARMACOLOGY | ||
| 942 |
_2ddc _cBK _0529 |
||
| 999 |
_c7996 _d7996 |
||